[Event "DEM U12w 2025"]
[Site "Willingen GER"]
[Date "2025.06.13"]
[Round "8"]
[White "Szymil, Alicja"]
[Black "Gubler, Sarah"]
[Result "1/2-1/2"]
[Termination "normal"]
[Board "9"]
[WhiteElo "1476"]
[BlackElo "1742"]
[WhiteClock "00:48:30"]
[BlackClock "00:12:24"]
[PlyCount "87"]
[WhiteFideId "34654240"]
[BlackFideId "533040699"]
[EventCountry "GER"]
[EventRounds "9"]
[EventType "swiss"]
[EventDate "2025.06.07"]

1. d4 {[%clk 01:30:59]} {[%emt 00:00:01]} d5 {[%clk 01:30:46]} {[%emt
00:00:14]} 2. Nf3 {[%clk 01:31:23]} {[%emt 00:00:06]} Nf6 {[%clk 01:30:48]}
{[%emt 00:00:28]} 3. e3 {[%clk 01:31:45]} {[%emt 00:00:08]} c5 {[%clk
01:30:45]} {[%emt 00:00:33]} 4. c3 {[%clk 01:32:01]} {[%emt 00:00:15]} Bf5
{[%clk 01:30:15]} {[%emt 00:00:59]} 5. Bd3 {[%clk 01:32:13]} {[%emt 00:00:18]}
Bg6 {[%clk 01:29:48]} {[%emt 00:00:57]} 6. O-O {[%clk 01:32:28]} {[%emt
00:00:15]} e6 {[%clk 01:29:48]} {[%emt 00:00:30]} 7. Bb5+ {[%clk 01:30:12]}
{[%emt 00:02:46]} Nbd7 {[%clk 01:27:31]} {[%emt 00:02:47]} 8. Nbd2 {[%clk
01:30:22]} {[%emt 00:00:20]} Bd6 {[%clk 01:26:42]} {[%emt 00:01:19]} 9. Re1
{[%clk 01:29:31]} {[%emt 00:01:20]} O-O {[%clk 01:25:44]} {[%emt 00:01:29]} 10.
Nf1 {[%clk 01:27:52]} {[%emt 00:02:06]} Nb6 {[%clk 01:21:48]} {[%emt 00:04:29]}
11. Bd3 {[%clk 01:27:56]} {[%emt 00:00:26]} Ne4 {[%clk 01:14:36]} {[%emt
00:07:42]} 12. Ng3 {[%clk 01:26:52]} {[%emt 00:01:34]} Qc7 {[%clk 01:11:44]}
{[%emt 00:03:21]} 13. Qc2 {[%clk 01:26:02]} {[%emt 00:01:11]} Nf6 {[%clk
01:09:01]} {[%emt 00:03:22]} 14. Bxg6 {[%clk 01:24:31]} {[%emt 00:02:02]} hxg6
{[%clk 01:08:42]} {[%emt 00:00:49]} 15. Qe2 {[%clk 01:22:43]} {[%emt 00:02:18]}
Rfe8 {[%clk 01:06:57]} {[%emt 00:02:15]} 16. e4 {[%clk 01:22:39]} {[%emt
00:00:34]} Bxg3 {[%clk 01:06:12]} {[%emt 00:01:15]} 17. e5 {[%clk 01:22:32]}
{[%emt 00:00:37]} Bxe5 {[%clk 01:04:36]} {[%emt 00:02:06]} 18. dxe5 {[%clk
01:22:41]} {[%emt 00:00:21]} Nfd7 {[%clk 01:04:08]} {[%emt 00:00:58]} 19. Bg5
{[%clk 01:21:45]} {[%emt 00:01:26]} Rac8 {[%clk 01:01:33]} {[%emt 00:03:05]}
20. Rad1 {[%clk 01:20:47]} {[%emt 00:01:28]} Nb8 {[%clk 00:58:55]} {[%emt
00:03:08]} 21. h3 {[%clk 01:19:39]} {[%emt 00:01:36]} Nc6 {[%clk 00:55:40]}
{[%emt 00:03:47]} 22. Qe3 {[%clk 01:16:46]} {[%emt 00:03:18]} c4 {[%clk
00:54:46]} {[%emt 00:01:29]} 23. Rd2 {[%clk 01:16:17]} {[%emt 00:00:59]} Ne7
{[%clk 00:46:06]} {[%emt 00:09:08]} 24. Rde2 {[%clk 01:14:43]} {[%emt
00:02:06]} Nf5 {[%clk 00:44:59]} {[%emt 00:01:37]} 25. Qf4 {[%clk 01:12:31]}
{[%emt 00:02:41]} Nd7 {[%clk 00:40:53]} {[%emt 00:04:37]} 26. g4 {[%clk
01:01:19]} {[%emt 00:11:42]} Ne7 {[%clk 00:40:51]} {[%emt 00:00:31]} 27. Nd4
{[%clk 01:00:42]} {[%emt 00:01:08]} Nc5 {[%clk 00:40:16]} {[%emt 00:01:04]} 28.
Nb5 {[%clk 01:00:50]} {[%emt 00:00:23]} Nd3 {[%clk 00:31:44]} {[%emt 00:09:02]}
29. Nxc7 {[%clk 00:58:04]} {[%emt 00:03:16]} Nxf4 {[%clk 00:31:39]} {[%emt
00:00:35]} 30. Nxe8 {[%clk 00:57:52]} {[%emt 00:00:42]} Nxe2+ {[%clk 00:31:41]}
{[%emt 00:00:28]} 31. Rxe2 {[%clk 00:58:16]} {[%emt 00:00:05]} Rxe8 {[%clk
00:32:01]} {[%emt 00:00:11]} 32. f4 {[%emt 00:03:56]} Nc6 {[%clk 00:30:46]}
{[%emt 00:01:09]} 33. Bh4 {[%clk 00:55:01]} {[%emt 00:00:55]} d4 {[%clk
00:28:37]} {[%emt 00:02:41]} 34. cxd4 {[%clk 00:54:04]} {[%emt 00:01:27]} Nxd4
{[%clk 00:29:01]} {[%emt 00:00:06]} 35. Rf2 {[%clk 00:54:28]} {[%emt 00:00:06]}
b5 {[%clk 00:28:20]} {[%emt 00:01:11]} 36. Kg2 {[%clk 00:54:01]} {[%emt
00:00:57]} b4 {[%clk 00:27:26]} {[%emt 00:01:24]} 37. Rd2 {[%clk 00:53:11]}
{[%emt 00:01:20]} Nb5 {[%clk 00:25:58]} {[%emt 00:01:59]} 38. Rc2 {[%clk
00:51:52]} {[%emt 00:01:49]} Rc8 {[%clk 00:24:59]} {[%emt 00:01:27]} 39. Be1
{[%clk 00:51:15]} {[%emt 00:01:07]} Nd4 {[%clk 00:24:08]} {[%emt 00:01:20]} 40.
Rd2 {[%clk 00:49:00]} {[%emt 00:02:46]} Nb5 {[%clk 00:21:54]} {[%emt 00:02:45]}
41. Rc2 {[%clk 00:49:12]} {[%emt 00:00:18]} a5 {[%clk 00:21:03]} {[%emt
00:01:21]} 42. Kf2 {[%clk 00:48:40]} {[%emt 00:01:01]} Kf8 {[%clk 00:17:43]}
{[%emt 00:03:50]} 43. Ke3 {[%clk 00:48:13]} {[%emt 00:00:57]} Ke8 {[%clk
00:12:24]} {[%emt 00:05:49]} 44. Ke4 {[%clk 00:48:30]} {[%emt 00:00:12]}
1/2-1/2

[Event "DEM U12w 2025"]
[Site "Willingen GER"]
[Date "2025.06.13"]
[Round "8"]
[White "Nönnig, Lotte"]
[Black "Sniegowski, Victoria"]
[Result "1-0"]
[Termination "normal"]
[Board "10"]
[WhiteElo "1735"]
[BlackElo "1525"]
[WhiteClock "00:08:16"]
[BlackClock "00:37:13"]
[PlyCount "119"]
[WhiteFideId "34611509"]
[BlackFideId "34675612"]
[EventCountry "GER"]
[EventRounds "9"]
[EventType "swiss"]
[EventDate "2025.06.07"]

1. e4 {[%clk 01:30:56]} {[%emt 00:00:03]} c5 {[%clk 01:30:53]} {[%emt
00:00:08]} 2. Nf3 {[%clk 01:31:15]} {[%emt 00:00:10]} a6 {[%clk 01:31:13]}
{[%emt 00:00:12]} 3. d4 {[%clk 01:31:05]} {[%emt 00:00:38]} cxd4 {[%clk
01:31:34]} {[%emt 00:00:10]} 4. Nxd4 {[%clk 01:31:30]} {[%emt 00:00:05]} Nf6
{[%clk 01:31:50]} {[%emt 00:00:14]} 5. Nc3 {[%clk 01:31:11]} {[%emt 00:00:49]}
e5 {[%clk 01:32:08]} {[%emt 00:00:13]} 6. Nb3 {[%clk 01:30:43]} {[%emt
00:00:57]} Bb4 {[%clk 01:32:14]} {[%emt 00:00:24]} 7. Bd3 {[%clk 01:27:36]}
{[%emt 00:03:37]} Bxc3+ {[%clk 01:32:09]} {[%emt 00:00:35]} 8. bxc3 {[%clk
01:27:56]} {[%emt 00:00:10]} O-O {[%clk 01:32:23]} {[%emt 00:00:16]} 9. O-O
{[%clk 01:26:00]} {[%emt 00:02:26]} d6 {[%clk 01:32:10]} {[%emt 00:00:43]} 10.
Kh1 {[%clk 01:19:52]} {[%emt 00:06:38]} b5 {[%clk 01:27:02]} {[%emt 00:05:39]}
11. f4 {[%clk 01:14:25]} {[%emt 00:05:57]} Bg4 {[%clk 01:16:23]} {[%emt
00:11:07]} 12. Qe1 {[%clk 01:12:06]} {[%emt 00:02:49]} Qc7 {[%clk 01:14:23]}
{[%emt 00:02:31]} 13. h3 {[%clk 01:09:02]} {[%emt 00:03:34]} Bd7 {[%clk
01:13:13]} {[%emt 00:01:40]} 14. fxe5 {[%clk 01:03:35]} {[%emt 00:05:57]} dxe5
{[%clk 01:12:57]} {[%emt 00:00:46]} 15. Qg3 {[%clk 00:58:00]} {[%emt 00:06:03]}
Nh5 {[%clk 01:08:50]} {[%emt 00:04:38]} 16. Qg5 {[%clk 00:56:12]} {[%emt
00:02:19]} g6 {[%clk 01:08:29]} {[%emt 00:00:51]} 17. Bd2 {[%clk 00:53:26]}
{[%emt 00:03:16]} f6 {[%clk 01:05:17]} {[%emt 00:03:43]} 18. Qh4 {[%clk
00:51:45]} {[%emt 00:01:52]} Be6 {[%clk 01:01:21]} {[%emt 00:04:44]} 19. Rf2
{[%clk 00:45:24]} {[%emt 00:06:29]} Nd7 {[%clk 01:00:40]} {[%emt 00:01:31]} 20.
Raf1 {[%clk 00:44:47]} {[%emt 00:01:06]} Rf7 {[%clk 00:58:04]} {[%emt
00:03:09]} 21. Be2 {[%clk 00:41:50]} {[%emt 00:03:27]} Ng7 {[%clk 00:57:09]}
{[%emt 00:01:26]} 22. Qg3 {[%clk 00:39:44]} {[%emt 00:02:28]} Raf8 {[%clk
00:52:35]} {[%emt 00:05:10]} 23. Bh6 {[%clk 00:34:19]} {[%emt 00:05:55]} Qc6
{[%clk 00:51:07]} {[%emt 00:01:55]} 24. Qe3 {[%clk 00:23:17]} {[%emt 00:11:37]}
Rc8 {[%clk 00:48:20]} {[%emt 00:03:18]} 25. Rf3 {[%clk 00:19:54]} {[%emt
00:03:52]} Rcf8 {[%clk 00:39:23]} {[%emt 00:09:28]} 26. Rg3 {[%clk 00:17:57]}
{[%emt 00:02:24]} f5 {[%clk 00:36:15]} {[%emt 00:03:40]} 27. exf5 {[%clk
00:17:03]} {[%emt 00:01:24]} Bxf5 {[%clk 00:35:01]} {[%emt 00:01:44]} 28. Rc1
{[%clk 00:13:14]} {[%emt 00:04:19]} Qe4 {[%clk 00:33:32]} {[%emt 00:01:55]} 29.
Qxe4 {[%clk 00:10:27]} {[%emt 00:03:22]} Bxe4 {[%clk 00:33:53]} {[%emt
00:00:09]} 30. Bxg7 {[%clk 00:10:32]} {[%emt 00:00:25]} Kxg7 {[%clk 00:34:10]}
{[%emt 00:00:13]} 31. Bd3 {[%clk 00:08:53]} {[%emt 00:02:04]} Bd5 {[%clk
00:33:14]} {[%emt 00:01:25]} 32. Rd1 {[%clk 00:07:49]} {[%emt 00:01:40]} Nb6
{[%clk 00:32:01]} {[%emt 00:01:43]} 33. Re1 {[%clk 00:04:28]} {[%emt 00:03:49]}
Rf2 {[%clk 00:30:40]} {[%emt 00:01:53]} 34. Rxe5 {[%clk 00:03:42]} {[%emt
00:01:15]} Bc4 {[%clk 00:29:53]} {[%emt 00:01:17]} 35. Nd4 {[%clk 00:02:22]}
{[%emt 00:01:50]} Bxd3 {[%clk 00:29:22]} {[%emt 00:01:02]} 36. Rxd3 {[%clk
00:01:56]} {[%emt 00:00:56]} Nc4 {[%clk 00:29:04]} {[%emt 00:00:48]} 37. Rd5
{[%clk 00:00:43]} {[%emt 00:01:42]} Re8 {[%clk 00:27:51]} {[%emt 00:01:44]} 38.
Rd7+ {[%clk 00:00:46]} {[%emt 00:00:26]} Kh6 {[%clk 00:27:43]} {[%emt
00:00:39]} 39. Kh2 {[%clk 00:00:40]} {[%emt 00:00:34]} Ne5 {[%clk 00:27:53]}
{[%emt 00:00:22]} 40. Re3 {[%clk 00:00:31]} {[%emt 00:00:38]} Nxd7 {[%clk
00:27:29]} {[%emt 00:00:54]} 41. Rxe8 {[%clk 00:00:52]} {[%emt 00:00:10]} Nc5
{[%clk 00:26:59]} {[%emt 00:00:59]} 42. Rc8 {[%clk 00:29:11]} {[%emt 00:02:10]}
Ne4 {[%clk 00:55:52]} {[%emt 00:01:37]} 43. c4 {[%clk 00:27:41]} {[%emt
00:01:57]} Rd2 {[%clk 00:54:04]} {[%emt 00:02:23]} 44. Nxb5 {[%clk 00:17:14]}
{[%emt 00:10:57]} axb5 {[%clk 00:53:23]} {[%emt 00:01:11]} 45. cxb5 {[%clk
00:17:30]} {[%emt 00:00:15]} Nd6 {[%clk 00:50:17]} {[%emt 00:03:35]} 46. Rd8
{[%clk 00:16:55]} {[%emt 00:01:05]} Rxc2 {[%clk 00:48:50]} {[%emt 00:01:57]}
47. Rxd6 {[%clk 00:17:15]} {[%emt 00:00:09]} Rxa2 {[%clk 00:49:03]} {[%emt
00:00:17]} 48. Kg3 {[%clk 00:16:06]} {[%emt 00:01:39]} Ra4 {[%clk 00:48:25]}
{[%emt 00:01:08]} 49. Kf3 {[%clk 00:15:22]} {[%emt 00:01:14]} Rb4 {[%clk
00:47:56]} {[%emt 00:01:00]} 50. Rb6 {[%clk 00:15:22]} {[%emt 00:00:29]} Kg5
{[%clk 00:47:15]} {[%emt 00:01:11]} 51. Ke3 {[%clk 00:15:05]} {[%emt 00:00:46]}
Rb2 {[%clk 00:45:14]} {[%emt 00:02:33]} 52. Kf3 {[%clk 00:13:29]} {[%emt
00:02:06]} Kf5 {[%clk 00:43:55]} {[%emt 00:01:49]} 53. Rb7 {[%clk 00:13:29]}
{[%emt 00:00:30]} h5 {[%clk 00:42:42]} {[%emt 00:01:42]} 54. b6 {[%clk
00:13:02]} {[%emt 00:00:58]} Rb3+ {[%clk 00:39:12]} {[%emt 00:04:01]} 55. Kf2
{[%clk 00:13:18]} {[%emt 00:00:11]} Kf6 {[%clk 00:39:22]} {[%emt 00:00:21]} 56.
Ke2 {[%clk 00:11:04]} {[%emt 00:02:44]} Rb2+ {[%clk 00:37:52]} {[%emt
00:02:01]} 57. Kf3 {[%clk 00:11:13]} {[%emt 00:00:21]} Rb3+ {[%clk 00:38:05]}
{[%emt 00:00:17]} 58. Ke4 {[%clk 00:08:22]} {[%emt 00:03:21]} Rg3 {[%clk
00:38:09]} {[%emt 00:00:26]} 59. Rb8 {[%clk 00:08:16]} {[%emt 00:00:35]} Rxg2
{[%clk 00:37:13]} {[%emt 00:01:26]} 60. b7 {[%emt 00:01:50]} 1-0

[Event "DEM U12w 2025"]
[Site "Willingen GER"]
[Date "2025.06.13"]
[Round "8"]
[White "Lukas, Olivia"]
[Black "Georgieva, Teodora"]
[Result "1-0"]
[Termination "normal"]
[Board "11"]
[WhiteElo "1585"]
[BlackElo "1124"]
[WhiteClock "00:55:45"]
[BlackClock "00:28:40"]
[PlyCount "127"]
[WhiteFideId "34632239"]
[BlackFideId "34679375"]
[EventCountry "GER"]
[EventRounds "9"]
[EventType "swiss"]
[EventDate "2025.06.07"]

1. e4 {[%clk 01:30:39]} {[%emt 00:00:20]} e5 {[%clk 01:30:54]} {[%emt
00:00:07]} 2. Nf3 {[%clk 01:31:06]} {[%emt 00:00:03]} Nc6 {[%clk 01:31:18]}
{[%emt 00:00:05]} 3. Bc4 {[%clk 01:31:31]} {[%emt 00:00:05]} Bc5 {[%clk
01:31:41]} {[%emt 00:00:07]} 4. c3 {[%clk 01:31:58]} {[%emt 00:00:03]} Nf6
{[%clk 01:31:54]} {[%emt 00:00:17]} 5. d3 {[%clk 01:32:24]} {[%emt 00:00:03]}
O-O {[%clk 01:32:03]} {[%emt 00:00:21]} 6. Bg5 {[%clk 01:32:50]} {[%emt
00:00:04]} h6 {[%clk 01:32:22]} {[%emt 00:00:12]} 7. Bh4 {[%clk 01:33:17]}
{[%emt 00:00:03]} d6 {[%clk 01:31:50]} {[%emt 00:01:03]} 8. Nbd2 {[%clk
01:32:59]} {[%emt 00:00:47]} Be6 {[%clk 01:30:13]} {[%emt 00:02:07]} 9. Bb3
{[%clk 01:33:22]} {[%emt 00:00:07]} Bb6 {[%clk 01:19:48]} {[%emt 00:10:55]} 10.
O-O {[%clk 01:33:13]} {[%emt 00:00:39]} Qe7 {[%clk 00:52:14]} {[%emt 00:28:04]}
11. Re1 {[%clk 01:28:54]} {[%emt 00:04:49]} Rfe8 {[%clk 00:51:11]} {[%emt
00:01:33]} 12. Nf1 {[%clk 01:28:30]} {[%emt 00:00:54]} Rad8 {[%clk 00:50:53]}
{[%emt 00:00:47]} 13. d4 {[%clk 01:23:37]} {[%emt 00:05:23]} Bxb3 {[%clk
00:39:51]} {[%emt 00:11:32]} 14. axb3 {[%clk 01:23:26]} {[%emt 00:00:42]} g5
{[%clk 00:32:07]} {[%emt 00:08:14]} 15. d5 {[%clk 01:19:47]} {[%emt 00:04:10]}
gxh4 {[%clk 00:30:08]} {[%emt 00:02:28]} 16. dxc6 {[%clk 01:20:11]} {[%emt
00:00:06]} bxc6 {[%clk 00:30:12]} {[%emt 00:00:25]} 17. Nxh4 {[%clk 01:19:04]}
{[%emt 00:01:38]} d5 {[%clk 00:27:23]} {[%emt 00:03:19]} 18. Nf5 {[%clk
01:10:02]} {[%emt 00:09:31]} Qe6 {[%clk 00:26:58]} {[%emt 00:00:55]} 19. N1g3
{[%clk 01:05:54]} {[%emt 00:04:38]} dxe4 {[%clk 00:19:45]} {[%emt 00:07:44]}
20. Qc2 {[%clk 01:03:12]} {[%emt 00:03:12]} Ng4 {[%clk 00:16:11]} {[%emt
00:04:04]} 21. Re2 {[%clk 01:00:47]} {[%emt 00:02:53]} h5 {[%clk 00:08:38]}
{[%emt 00:08:06]} 22. Qxe4 {[%clk 00:56:03]} {[%emt 00:05:15]} Qxb3 {[%clk
00:08:13]} {[%emt 00:00:55]} 23. Rc2 {[%clk 00:45:37]} {[%emt 00:10:56]} Qd5
{[%clk 00:07:39]} {[%emt 00:01:04]} 24. Qxd5 {[%clk 00:43:48]} {[%emt
00:02:18]} cxd5 {[%clk 00:08:03]} {[%emt 00:00:06]} 25. Nxh5 {[%clk 00:43:29]}
{[%emt 00:00:49]} e4 {[%clk 00:06:57]} {[%emt 00:01:36]} 26. h3 {[%clk
00:43:28]} {[%emt 00:00:30]} Ne5 {[%clk 00:07:23]} {[%emt 00:00:05]} 27. Nf6+
{[%clk 00:43:21]} {[%emt 00:00:38]} Kf8 {[%clk 00:07:40]} {[%emt 00:00:13]} 28.
Nxe8 {[%clk 00:42:38]} {[%emt 00:01:13]} Kxe8 {[%clk 00:07:36]} {[%emt
00:00:34]} 29. Kf1 {[%clk 00:41:39]} {[%emt 00:01:28]} Kd7 {[%clk 00:07:28]}
{[%emt 00:00:38]} 30. Rd1 {[%clk 00:40:09]} {[%emt 00:02:00]} Ke6 {[%clk
00:06:36]} {[%emt 00:01:23]} 31. Nd4+ {[%clk 00:39:40]} {[%emt 00:00:59]} Kf6
{[%clk 00:06:26]} {[%emt 00:00:40]} 32. b3 {[%clk 00:36:33]} {[%emt 00:03:37]}
c5 {[%clk 00:03:56]} {[%emt 00:03:00]} 33. Ne2 {[%clk 00:34:28]} {[%emt
00:02:34]} Kf5 {[%clk 00:03:05]} {[%emt 00:01:21]} 34. b4 {[%clk 00:26:05]}
{[%emt 00:08:54]} c4 {[%clk 00:02:55]} {[%emt 00:00:40]} 35. Nd4+ {[%clk
00:23:38]} {[%emt 00:02:57]} Bxd4 {[%clk 00:02:45]} {[%emt 00:02:14]} 36. Rxd4
{[%clk 00:25:33]} {[%emt 00:00:34]} Nc6 {[%clk 00:03:05]} {[%emt 00:00:11]} 37.
Rdd2 {[%clk 00:25:02]} {[%emt 00:00:59]} Ne5 {[%clk 00:02:06]} {[%emt
00:01:30]} 38. Ra2 {[%clk 00:24:50]} {[%emt 00:00:42]} Rd7 {[%clk 00:02:25]}
{[%emt 00:00:11]} 39. Ra5 {[%clk 00:23:41]} {[%emt 00:01:39]} Nd3 {[%clk
00:02:39]} {[%emt 00:00:16]} 40. g3 {[%clk 00:22:38]} {[%emt 00:01:33]} Kg5
{[%clk 00:01:00]} {[%emt 00:02:10]} 41. Rda2 {[%clk 00:22:06]} {[%emt
00:01:01]} Nc1 {[%clk 00:29:48]} {[%emt 00:01:42]} 42. R2a3 {[%clk 00:51:41]}
{[%emt 00:00:54]} f5 {[%clk 00:26:57]} {[%emt 00:03:21]} 43. Rxa7 {[%clk
00:51:40]} {[%emt 00:00:32]} Rd6 {[%clk 00:27:02]} {[%emt 00:00:25]} 44. R3a6
{[%clk 00:51:43]} {[%emt 00:00:27]} Rxa6 {[%clk 00:25:56]} {[%emt 00:01:36]}
45. Rxa6 {[%clk 00:52:05]} {[%emt 00:00:09]} Nd3 {[%clk 00:25:59]} {[%emt
00:00:26]} 46. Ra5 {[%clk 00:51:19]} {[%emt 00:01:15]} Ne5 {[%clk 00:25:37]}
{[%emt 00:00:53]} 47. Rxd5 {[%clk 00:51:16]} {[%emt 00:00:33]} Kf6 {[%clk
00:25:51]} {[%emt 00:00:16]} 48. Rxe5 {[%clk 00:51:20]} {[%emt 00:00:26]} Kxe5
{[%clk 00:26:14]} {[%emt 00:00:07]} 49. Ke2 {[%clk 00:51:46]} {[%emt 00:00:04]}
Ke6 {[%clk 00:26:30]} {[%emt 00:00:13]} 50. Ke3 {[%clk 00:51:58]} {[%emt
00:00:18]} Ke5 {[%clk 00:26:50]} {[%emt 00:00:11]} 51. h4 {[%clk 00:52:22]}
{[%emt 00:00:06]} Kf6 {[%clk 00:26:39]} {[%emt 00:00:41]} 52. b5 {[%clk
00:52:45]} {[%emt 00:00:07]} Ke7 {[%clk 00:26:11]} {[%emt 00:00:58]} 53. h5
{[%clk 00:53:01]} {[%emt 00:00:14]} f4+ {[%clk 00:26:11]} {[%emt 00:00:30]} 54.
Kxf4 {[%clk 00:53:20]} {[%emt 00:00:10]} e3 {[%clk 00:26:33]} {[%emt 00:00:08]}
55. fxe3 {[%clk 00:53:46]} {[%emt 00:00:05]} Kf7 {[%clk 00:26:52]} {[%emt
00:00:11]} 56. b6 {[%clk 00:54:09]} {[%emt 00:00:07]} Kf6 {[%clk 00:27:08]}
{[%emt 00:00:13]} 57. b7 {[%clk 00:54:32]} {[%emt 00:00:08]} Ke6 {[%clk
00:27:14]} {[%emt 00:00:24]} 58. b8=Q {[%clk 00:54:51]} {[%emt 00:00:11]} Kd5
{[%clk 00:27:37]} {[%emt 00:00:07]} 59. e4+ {[%clk 00:55:02]} {[%emt 00:00:19]}
Kc5 {[%clk 00:27:55]} {[%emt 00:00:11]} 60. h6 {[%clk 00:55:08]} {[%emt
00:00:25]} Kc6 {[%clk 00:28:10]} {[%emt 00:00:15]} 61. h7 {[%clk 00:54:45]}
{[%emt 00:01:47]} Kc5 {[%clk 00:28:04]} {[%emt 00:00:37]} 62. h8=Q {[%clk
00:55:06]} {[%emt 00:00:09]} Kc6 {[%clk 00:28:29]} {[%emt 00:00:06]} 63. Qf6+
{[%clk 00:55:19]} {[%emt 00:00:16]} Kd7 {[%clk 00:28:40]} {[%emt 00:00:20]} 64.
Qbd8# {[%clk 00:55:45]} {[%emt 00:00:04]} 1-0

[Event "DEM U12w 2025"]
[Site "Willingen GER"]
[Date "2025.06.13"]
[Round "8"]
[White "Kübart, Ela Marie"]
[Black "Alnajjar, Sara"]
[Result "1/2-1/2"]
[Termination "normal"]
[Board "12"]
[WhiteElo "1620"]
[BlackElo "1565"]
[WhiteClock "00:29:11"]
[BlackClock "00:29:45"]
[PlyCount "78"]
[WhiteFideId "34633723"]
[BlackFideId "34668659"]
[EventCountry "GER"]
[EventRounds "9"]
[EventType "swiss"]
[EventDate "2025.06.07"]

1. d4 {[%clk 01:30:58]} {[%emt 00:00:02]} Nf6 {[%clk 01:30:45]} {[%emt
00:00:16]} 2. Nf3 {[%clk 01:31:20]} d6 {[%clk 01:31:02]} {[%emt 00:00:20]} 3.
Nbd2 {[%clk 01:31:26]} g6 {[%clk 01:31:18]} {[%emt 00:00:39]} 4. e4 {[%clk
01:31:41]} Bg7 {[%clk 01:31:10]} {[%emt 00:00:52]} 5. Bd3 {[%clk 01:31:55]} O-O
{[%clk 01:31:18]} {[%emt 00:00:38]} 6. O-O {[%clk 01:31:50]} Re8 {[%clk
01:30:07]} {[%emt 00:02:17]} 7. Re1 {[%clk 01:31:53]} e5 {[%clk 01:28:34]}
{[%emt 00:02:30]} 8. d5 {[%clk 01:31:54]} {[%emt 00:00:29]} Nbd7 {[%clk
01:27:32]} {[%emt 00:01:32]} 9. Nf1 {[%clk 01:28:14]} {[%emt 00:04:08]} Nc5
{[%clk 01:24:17]} {[%emt 00:03:46]} 10. Ng3 {[%clk 01:27:53]} {[%emt 00:00:51]}
Bd7 {[%clk 01:21:04]} {[%emt 00:03:42]} 11. Be3 {[%clk 01:27:26]} {[%emt
00:00:58]} Nxd3 {[%clk 01:19:25]} {[%emt 00:02:10]} 12. Qxd3 {[%clk 01:23:21]}
{[%emt 00:04:35]} Qe7 {[%clk 01:07:57]} {[%emt 00:11:58]} 13. h3 {[%clk
01:21:57]} {[%emt 00:01:53]} a6 {[%clk 01:08:11]} {[%emt 00:00:17]} 14. c4
{[%clk 01:21:59]} {[%emt 00:00:28]} c5 {[%clk 01:08:12]} {[%emt 00:00:28]} 15.
a4 {[%clk 01:19:39]} {[%emt 00:02:50]} Reb8 {[%clk 01:03:40]} {[%emt 00:05:03]}
16. b3 {[%clk 01:16:43]} {[%emt 00:03:26]} Ne8 {[%clk 01:00:46]} {[%emt
00:03:24]} 17. Reb1 {[%clk 01:15:56]} {[%emt 00:01:15]} a5 {[%clk 01:00:53]}
{[%emt 00:00:25]} 18. Ra2 {[%clk 01:12:49]} {[%emt 00:03:36]} Nc7 {[%clk
00:58:41]} {[%emt 00:02:42]} 19. Bd2 {[%clk 01:11:04]} {[%emt 00:02:15]} b6
{[%clk 00:58:49]} {[%emt 00:00:23]} 20. Ne1 {[%clk 00:58:05]} {[%emt 00:13:29]}
Na6 {[%clk 00:57:50]} {[%emt 00:01:28]} 21. Nc2 {[%clk 00:58:11]} {[%emt
00:00:24]} Nb4 {[%clk 00:58:01]} {[%emt 00:00:19]} 22. Nxb4 {[%clk 00:58:21]}
{[%emt 00:00:20]} axb4 {[%clk 00:58:24]} {[%emt 00:00:07]} 23. Rc2 {[%clk
00:45:59]} {[%emt 00:12:52]} Rf8 {[%clk 00:54:27]} {[%emt 00:04:27]} 24. f4
{[%clk 00:43:36]} {[%emt 00:02:53]} exf4 {[%clk 00:54:46]} {[%emt 00:00:12]}
25. Bxf4 {[%clk 00:43:54]} {[%emt 00:00:10]} Bd4+ {[%clk 00:44:22]} {[%emt
00:10:55]} 26. Kh1 {[%clk 00:40:33]} {[%emt 00:03:51]} Be5 {[%clk 00:41:17]}
{[%emt 00:03:35]} 27. Bxe5 {[%clk 00:39:19]} {[%emt 00:01:43]} Qxe5 {[%clk
00:41:29]} {[%emt 00:00:19]} 28. Rf1 {[%clk 00:38:37]} {[%emt 00:01:11]} Rae8
{[%clk 00:34:36]} {[%emt 00:07:26]} 29. Qf3 {[%clk 00:31:18]} {[%emt 00:07:49]}
f6 {[%clk 00:29:05]} {[%emt 00:06:01]} 30. Qf4 {[%clk 00:29:46]} {[%emt
00:02:02]} Kg7 {[%clk 00:27:57]} {[%emt 00:01:38]} 31. Qxe5 {[%clk 00:29:45]}
{[%emt 00:00:31]} fxe5 {[%clk 00:27:57]} {[%emt 00:00:29]} 32. Rcf2 {[%clk
00:27:43]} {[%emt 00:02:32]} Rxf2 {[%clk 00:27:48]} {[%emt 00:00:40]} 33. Rxf2
{[%clk 00:28:08]} {[%emt 00:00:05]} Rf8 {[%clk 00:28:12]} {[%emt 00:00:06]} 34.
Ra2 {[%clk 00:27:41]} {[%emt 00:00:58]} Ra8 {[%clk 00:28:20]} {[%emt 00:00:22]}
35. Rf2 {[%clk 00:27:43]} {[%emt 00:00:27]} Rf8 {[%clk 00:28:34]} {[%emt
00:00:15]} 36. Ra2 {[%clk 00:28:09]} {[%emt 00:00:06]} Ra8 {[%clk 00:28:57]}
{[%emt 00:00:06]} 37. Rf2 {[%clk 00:28:22]} {[%emt 00:00:17]} Rf8 {[%clk
00:29:21]} {[%emt 00:00:07]} 38. Ra2 {[%clk 00:28:46]} {[%emt 00:00:05]} Ra8
{[%clk 00:29:29]} {[%emt 00:00:22]} 39. Rf2 {[%clk 00:29:11]} {[%emt 00:00:04]}
Rf8 {[%clk 00:29:45]} {[%emt 00:00:15]} 1/2-1/2